000 00579nam a22001697a 4500
005 20251108165304.0
008 250721s1977 xx 000 0 ara d
082 1 4 _a956.502/سلي
100 1 _aعويس، سليمان
245 1 0 _aصفحات مطويه :
_bمفاوضات المعاهدة بين الشريف حسين و بريطانيا 1920- 1924 /
264 1 _aعمان :
_bوزارة الثقافه و الشباب،
_c1977.
300 _a244ص
650 1 7 _aتاريخ الأردن
650 1 7 _aإمارة شرق الأردن
942 _2ddc
_cBK
999 _c24221
_d24221